[Event "POL-chT2"]
[Site "Augustow"]
[Date "1997.??.??"]
[Round "?"]
[White "Janeczek, J."]
[Black "Gierasimowicz, Stanislaw"]
[Result "1-0"]
[WhiteElo "1800"]
[BlackElo "2000"]
[PlyCount "47"]
[EventDate "1997.??.??"]
[EventType "team"]
[EventRounds "9"]
[EventCountry "POL"]
[SourceTitle "EXT 2003"]
[Source "ChessBase"]
[SourceDate "2002.11.25"]
[SourceVersion "1"]
[SourceVersionDate "2002.11.25"]
[SourceQuality "1"]

1. e4 c5 2. Nf3 Nc6 3. d4 cxd4 4. Nxd4 e5 5. Nb3 Nf6 6. Nc3 Bb4 7. Bd3 d5 8. exd5 Nxd5 9. Bd2 Nxc3 10. bxc3 Be7 11. 0-0 0-0 12. Qe2 Be6 13. Rad1 Rc8 14. f4 exf4 15. Bxf4 Qe8 16. Qe4 g6 17. Bh6 a5 18. Kh1 Rd8 19. Nxa5 Rxd3 20. Rxd3 Qc8 21. Nxc6 bxc6 22. Bxf8 Bxf8 23. Qd4 Bxa2 24. Qd7 1-0

[Event "POL-chT2"]
[Site "Augustow"]
[Date "1997.??.??"]
[Round "?"]
[White "Kapturowski, Grzegorz"]
[Black "Gierasimowicz, Stanislaw"]
[Result "1/2-1/2"]
[WhiteElo "1800"]
[BlackElo "2000"]
[PlyCount "25"]
[EventDate "1997.??.??"]
[EventType "team"]
[EventRounds "9"]
[EventCountry "POL"]
[SourceTitle "EXT 2003"]
[Source "ChessBase"]
[SourceDate "2002.11.25"]
[SourceVersion "1"]
[SourceVersionDate "2002.11.25"]
[SourceQuality "1"]

1. e4 c5 2. Nf3 Nc6 3. d4 cxd4 4. Nxd4 e5 5. Nb5 a6 6. Nd6+ Bxd6 7. Qxd6 Qf6 8. Qd1 Nge7 9. Nc3 Qg6 10. Be3 d5 11. exd5 Nb4 12. Bd3 Nxd3+ 13. cxd3 1/2-1/2

[Event "Augustow op-B"]
[Site "Augustow"]
[Date "1996.??.??"]
[Round "?"]
[White "Gierasimowicz, Stanislaw"]
[Black "Niesteruk, Mikolaj"]
[Result "1-0"]
[WhiteElo "2000"]
[BlackElo "1800"]
[PlyCount "95"]
[EventDate "1996.??.??"]
[EventType "swiss"]
[EventRounds "9"]
[EventCountry "POL"]
[SourceTitle "EXT 2003"]
[Source "ChessBase"]
[SourceDate "2002.11.25"]
[SourceVersion "1"]
[SourceVersionDate "2002.11.25"]
[SourceQuality "1"]

1. e4 e5 2. d4 d6 3. Nc3 Nd7 4. Nf3 Ngf6 5. h3 Be7 6. Be3 0-0 7. Bc4 c6 8. a4 b6 9. 0-0 a6 10. Qe2 Bb7 11. Rad1 Qc7 12. dxe5 dxe5 13. Bg5 b5 14. axb5 axb5 15. Bb3 Nc5 16. Bxf6 Bxf6 17. Qe3 Nxb3 18. cxb3 Ba6 19. Rfe1 Be7 20. Rc1 Qd6 21. Red1 Qe6 22. Ne2 b4 23. Ng3 Bb5 24. Nf5 Rfd8 25. Ng5 Qf6 26. Nf3 Bf8 27. Qb6 g6 28. Ng3 Bh6 29. Ra1 Rxa1 30. Rxa1 Bf4 31. Qc5 Qd6 32. Qb6 h5 33. h4 Kg7 34. Qb7 Qd7 35. Qb6 Qd6 36. Qb7 Rb8 37. Qa7 Rf8 38. Qb6 Qe6 39. Qc5 Qxb3 40. Ra7 Qxb2 41. Qe7 Bc4 42. Ng5 Qc1+ 43. Kh2 b3 44. Nh7 Rb8 45. Nf6 b2 46. Ne8+ Kh6 47. Qf8+ Kh7 48. Qg7# 1-0

[Event "Augustow op-B"]
[Site "Augustow"]
[Date "1996.??.??"]
[Round "?"]
[White "Kniec, J."]
[Black "Gierasimowicz, Stanislaw"]
[Result "0-1"]
[WhiteElo "1800"]
[BlackElo "2000"]
[PlyCount "96"]
[EventDate "1996.??.??"]
[EventType "swiss"]
[EventRounds "9"]
[EventCountry "POL"]
[SourceTitle "EXT 2003"]
[Source "ChessBase"]
[SourceDate "2002.11.25"]
[SourceVersion "1"]
[SourceVersionDate "2002.11.25"]
[SourceQuality "1"]

1. e4 c5 2. Nf3 Nc6 3. c3 d5 4. exd5 Qxd5 5. Be2 e5 6. 0-0 e4 7. Ne1 Nf6 8. d3 Bf5 9. dxe4 Qxd1 10. Bxd1 Bxe4 11. Nd2 0-0-0 12. Bc2 Bg6 13. Bxg6 hxg6 14. Nef3 Bd6 15. Nc4 Bc7 16. Bg5 Rd5 17. h3 Ne4 18. Be3 Rhd8 19. Na3 f6 20. Rfc1 g5 21. Nb5 Bb8 22. c4 Rd3 23. Ne1 R3d7 24. Nf3 a6 25. Na3 Nb4 26. b3 b6 27. Kf1 Nd3 28. Rd1 Bf4 29. Nc2 Nc3 30. Rd2 Ne4 31. Rdd1 Bxe3 32. Nxe3 Ndxf2 33. Rxd7 Rxd7 34. Nd5 Kb7 35. Re1 Kc6 36. Nd2 f5 37. Nf3 Rd8 38. Ne7+ Kb7 39. Nxf5 Rd1 40. Rxd1 Nxd1 41. Nxg7 g4 42. hxg4 Ne3+ 43. Ke2 Nxg4 44. a3 Kc6 45. Nf5 b5 46. Ne3 Ng3+ 47. Kd2 Ne4+ 48. Ke2 Ng3+ 0-1